Statistiken für Alle Teilnehmer bei Cricket Weltmeisterschaften

Klicken Sie hier um das Quiz zu spielen!

Allgemein

  • Dieses Quiz wurde 39 mal gespielt
  • Das Durchschnittsergebnis liegt bei 11 aus 20

Antwortstatistiken

TeilnahmenBeste PlatzierungNation/Verbund% Korrekt
13SiegerAustralien
90%
13SiegerIndien
90%
13Finale/ZweiterNeuseeland
90%
13SiegerPakistan
87%
13SiegerEngland
83%
3Super 8Irland
83%
4Vorrunde/qualifiziertKanada
73%
3Vorrunde/qualifiziertSchottland
73%
9HalbfinaleSüdafrika
73%
7Viertelfinale/Super 8Bangladesch
63%
3Vorrunde/qualifiziertAfghanistan
53%
5Vorrunde/qualifiziertNiederlande
47%
13SiegerSri Lanka
47%
1Vorrunde/qualifiziertNamibia
37%
5HalbfinaleKenia
33%
12SiegerWest Indies
30%
9Super 6Simbabwe
27%
1Vorrunde/qualifiziertBermuda
17%
2Vorrunde/qualifiziertVer. Arab. Emirate
17%
1Vorrunde/qualifiziertOstafrika
7%

Verteilung der Resultate

Perzentil nach korrekt beantworteten Fragen

Anzahl Personen mit jedem Resultat

Ihre Resultats-Entwicklung

Sie haben dieses Quiz noch nicht gespielt